| 000 | 00662nam a2200277Ia 4500 | ||
|---|---|---|---|
| 001 | Z_2395 | ||
| 003 | CHAP | ||
| 008 | 220113s1986 xx 000 0 und d | ||
| 010 | _a165451 | ||
| 040 | _cCHAP | ||
| 082 | _a300.18 R64 | ||
| 100 |
_aRojas Soriano, Raúl _999378 |
||
| 245 |
_aEl proceso de la investigación científica / _cpor Raúl Rojas Soriano |
||
| 260 |
_aMéxico, D. F. : _bTrillas, _c1986 |
||
| 300 | _a151 p. | ||
| 440 | _a | ||
| 500 | _a | ||
| 503 | _aI. C/E | ||
| 650 |
_aCiencias sociales _xMetodología I. t. _9139313 |
||
| 901 | _a300.18 R64 | ||
| 902 | _aA | ||
| 910 | _a1986 | ||
| 942 | _c1 | ||
| 942 | _cc1 | ||
| 999 |
_c165451 _d165451 |
||